000 01027nam a2200265Ia 4500
003 OSt
005 20220923215243.0
006 a|||||r|||| 00| 0
007 ta
008 220922b |||||||| |||| 00| 0 hin d
024 _a177,103
037 _cTextual
040 _aARTS
_cARTS
_bhin
041 _2hin
_ahin
082 _aO152,1:g(P:75), K7
100 _aवर्मा, रवीन्द्र सहाय
245 0 _aपाश्चात्य साहित्यालोचन और हिन्दी पर उसका प्रभाव
246 _aPāshchātya sāhityālochan aur hindī par usakā prabhāva
250 _aसंस्क0 2
260 _aवाराणसी
_b विश्वविद्यालय प्रकाशन
_c1967
300 _a180 पृ.
_ccm.
650 _aहिन्दी साहित्य
_9156264
942 _hO152,1:g(P:75), K7
_cTEXL
_2CC
999 _c330498
_d330498